000 01061cam a2200277 a 4500
005 20180803165436.0
008 111101s2009 ck ado r 000 0 spa d
020 _a9789589243312
040 _aCOBoUEX
_dCO-BoPUJ
_cCO-BoIAVH
041 0 _aspa
044 _ack
082 0 4 _a636.2
_bM67C
100 1 _aMora-Delgado, Jairo Ricardo
245 1 0 _aConceptos y herramientas para la intervención en comunidades ganaderas :
_cJairo Mora Delgado y Vilma Amparo Holguín Castaño
260 _aIbagué :
_bUniversidad del Tolima,
_c2009.
300 _a110 páginas :
_bilustraciones, fotos a color, gráficas y tablas ;
_c24 x 17 cm.
504 _aIncluye referencias bibliográficas: páginas 105-108.
650 1 4 _aGanadería
650 2 4 _aProductividad ganadera
650 2 4 _aIndustrias agropecuarias
650 2 4 _aParticipación comunitaria
650 2 4 _aProducción agropecuaria
650 2 4 _aDesarrollo de la comunidad rural
700 1 _aHolguín Castaño, Vilma Amparo
942 _2ddc
_cLIBRO
999 _c7292
_d7292